LEADER 01319nam a2200313 a 4500 001 000000141792 003 CaOOAMICUS 005 20150216124911.0 008 150216s2014 it u000 u ita r 020 $a978-88-6240-220-0 040 $aPUL$bita 041 0 $aita$asyr 082 04$a225.43 100 1 $aPazzini, Massimo,$cO.F.M.$0(OLS)http://pul/name/71189 245 10$aLessico concordanziale del Nuovo Testamento siriaco /$cMassimo Pazzini, ofm. 260 $aMilano :$bEdizioni Terra Santa,$cİ2014. 300 $aXIX, 469 p. ;$c24 cm 490 1 $aAnalecta$aStudium Biblicum Franciscanum ;$v64 546 $aTesto in italiano e siriaco. 630 04$aBiblia.$pN.T.$xConcordanze.$0(OLS)http://pul/subject/5795 830 0$aAnalecta$pStudium Biblicum Franciscanum ;$v64.$0(OLS)http://pul/title/4069 850 $aPUL 852 $aPUL$W1$xSL Religione 3$y85$m225. 43 PAZMA 1$j163647$qDDC 21$B163656$CPULBib$Z2$F163656 $H125408 $82 941 1 $a9 996 $6020$a978-88-6240-220-0$9(OLS)http://pul/number/156955 996 $6082$a225.43$9(OLS)http://pul/classification/2734 996 $6245$aLessico concordanziale del Nuovo Testamento siriaco$9(OLS)http://pul/title/179454 996 $6260$aMilano :$bEdizioni Terra Santa$9(OLS)http://pul/publisher/80368 LEADER 01280nam a2200289 a 4500 001 000000104394 003 CaOOAMICUS 005 20070321135942.0 008 070321s2005 it 000 0 ita d 020 $a88-213-0593-7 040 $aPUG$bita$dPUL$dLDB 100 1 $aGallo, Luis Antonio.$0(OLS)http://pul/name/12671 245 13$aIl cammino del Vangelo nel continente della speranza /$cLuis A. Gallo. 260 $aRoma :$bLAS,$cc2005. 300 $a223 p. ;$c24 cm 490 1 $aBiblioteca di scienze religiose ;$v192 504 $aContiene riferimenti bibliografici. 650 14$aMissioni$zAmerica Latina.$0(OLS)http://pul/subject/8170 830 0$aBiblioteca di scienze religiose (Libreria Ateneo salesiano) ;$v192.$0(OLS)http://pul/title/491 850 $aPUL 852 $aPUL$W1$xSL Religione 2$y84$mTheol A3 192$j116775$qStampati Altre collocazioni$B116768$CPULBib$Z2$F116768 $H101837 $82 941 1 $a10 983 0$aNuova biblioteca di scienze religiose. 983 0$aBiblioteca di scienze religiose (LAS) 996 $6020$a88-213-0593-7$9(OLS)http://pul/number/133929 996 $6245$aIl cammino del Vangelo nel continente della speranza$9(OLS)http://pul/title/131300 996 $6260$aRoma :$bLAS$9(OLS)http://pul/publisher/48069